|
|
|
|
| LEADER |
00000cam a2200000 i 4500 |
| 001 |
1/77121 |
| 008 |
080311s2007 gr | ||| |||| ||gre|| |
| 020 |
|
|
|a 9600503435
|
| 035 |
|
|
|l 10095338
|
| 040 |
|
|
|a GR-MY-UA
|b gre
|e aacr
|
| 041 |
0 |
|
|a gre
|
| 082 |
0 |
|
|a 889.33
|2 (22)
|
| 100 |
1 |
|
|a Δέλτα, Πηνελόπη Σ.,
|d 1874-1941.
|
| 245 |
1 |
0 |
|a Στα μυστικά του βάλτου /
|c Π. Σ. Δέλτα
|
| 250 |
|
|
|a 19η έκδ.
|
| 260 |
|
|
|a Αθήνα :
|b Εστία,
|c 2007
|
| 300 |
|
|
|a 645 σ.;
|b 1 χάρτης;
|c 20 εκ.
|
| 650 |
0 |
0 |
|a Greek fiction.
|
| 650 |
0 |
0 |
|a Children's literature.
|
| 650 |
0 |
0 |
|a Greek literature, Modern.
|
| 852 |
|
|
|a INST
|b LESVOS
|e 20080311
|h 889.33 ΔΕΛ
|p 005100039353
|q 005100039353
|t BK
|y 0
|
| 901 |
|
|
|a BIBL1-2008-1
|
| 909 |
|
|
|a Λ
|b 141805
|
| 922 |
|
|
|a 1ΕΛΗ
|b 200711
|c ΕΠΕΑΕΚ2/ΤΚΑ
|d Σ. ΠΑΤΑΚΗΣ
|
| 970 |
|
|
|a ΚΑΡΑ
|b ΓΙΑΣΕΜΗ
|z 2008/03/11
|